[Event "Bastia July op"]
[Site "Bastia"]
[Date "2008.07.24"]
[Round "2"]
[White "Cesari, Cathy"]
[Black "Stubbe, Thierry"]
[Result "1-0"]
[WhiteElo "1220"]
[BlackElo "1499"]
[PlyCount "45"]
[EventDate "2008.07.23"]
[EventType "swiss"]
[EventRounds "7"]
[EventCountry "FRA"]
[SourceTitle "EXT 2010"]
[Source "ChessBase"]
[SourceDate "2010.11.25"]
[SourceVersion "1"]
[SourceVersionDate "2010.11.25"]
[SourceQuality "1"]

1. e4 d5 2. exd5 Qxd5 3. Nc3 Qa5 4. Nf3 c6 5. Be2 Bf5 6. 0-0 Nd7 7. a3 e5 8. b4 Qc7 9. d4 Bd6 10. g3 Ngf6 11. Bd3 0-0-0 12. Bxf5 g6 13. Bh3 h6 14. Re1 Rde8 15. dxe5 Bxe5 16. Nxe5 Rxe5 17. Bf4 Kb8 18. Bxe5 Nxe5 19. b5 Nf3+ 20. Qxf3 Nd5 21. bxc6 Nxc3 22. Qxc3 bxc6 23. Rab1+ 1-0

[Event "Corsica-chT"]
[Site "Porticcio"]
[Date "2007.03.18"]
[Round "1.5"]
[White "Stubbe, Thierry"]
[Black "Leick, Rolande"]
[Result "1-0"]
[WhiteElo "1499"]
[BlackElo "1290"]
[PlyCount "68"]
[EventDate "2007.03.07"]
[EventType "team"]
[EventRounds "9"]
[EventCountry "FRA"]
[SourceTitle "CBM 117 Extra"]
[Source "ChessBase"]
[SourceDate "2007.05.09"]
[SourceVersion "1"]
[SourceVersionDate "2007.05.09"]
[SourceQuality "1"]
[WhiteTeam "I Scacchi Di U Centru"]
[BlackTeam "Echiquier Grand Sud"]
[WhiteTeamCountry "FRA"]
[BlackTeamCountry "FRA"]

1. e4 e5 2. d4 Nc6 3. d5 Nd4 4. Nf3 d6 5. Nxd4 exd4 6. Qxd4 Nf6 7. Bd3 Qe7 8. 0-0 g6 9. Bg5 Bg7 10. Nc3 Bd7 11. Nb5 0-0 12. Nxc7 Rac8 13. Nb5 a6 14. Nc3 Rce8 15. Rfe1 h6 16. Bh4 g5 17. Bg3 Ng4 18. Qb6 Be5 19. Ne2 Bc8 20. f4 Qd8 21. Qb3 Bf6 22. Qb4 Ne3 23. fxg5 Bxg5 24. Bxd6 Be7 25. Bxe7 Qxe7 26. Qd4 Qg5 27. Ng3 f6 28. Rxe3 Rd8 29. e5 f5 30. Rf1 Be6 31. c4 h5 32. Rff3 Rf7 33. Nxf5 Bxf5 34. Rxf5 Rg7 1-0